| 000 | 00388cam a22001217a 4500 | ||
|---|---|---|---|
| 008 | 180718b1967 xxu||||| |||| 00| 0 eng d | ||
| 082 | _aA99 R141 | ||
| 100 | _aTirtha, Swamt Ramananda | ||
| 245 |
_aMemoirs of Hyderabad freedom struggle _cby Swami Ramananda Tirtha |
||
| 260 |
_aBombay _bPopular _c1967 |
||
| 300 | _aviii, 247p | ||
| 650 | _aHyderabad (India : State) -Politics and government. | ||
| 999 |
_c415888 _d415888 |
||